1898 1034 1552 1389 1647 1440 1071 1729 1815 1107 1716 1052 1984 1544 1820 1136 1191 1142 1032 1091 1218 1284 1722 1280 1705 1537 1754 1474 1885 1016 1526 1421 1322 1460 1095 1035 1081 1603 1332 1340 1272 1457 1466 1764 1949 1054 1932 1192 1040 1610 1203 1450 1964 1088 1937 1332 1305 1235 1720 1121 1778 1143 1652 1964 1988 1829 1218 1476 1331 1478 1993 1477 1600 1068 1711 1988 1366 1198 1467 1711 1736 1646 1818 1136 1686 1416 1425 1977 1605 1344 1235 1804 1462 1620 1164 1383 1870 1854 1150 BCNSPRNW ULIB Ver.6.0+V

เปลี่ยนเป็นภาษาไทย

Change to English
 แสดงรายละเอียดบรรณานุกรม
  กลับหน้าหลัก

Brief Record : Get Marc (ISO 2709) : E-mail record : QR code < ปิดหน้าต่าง
LEADER : 00000nam 2200000uu 4500
001    13399121035
003     ULIB
008    121031s2551||||th 000 0 tha d
020    ^a9789748349497
050  4 ^aH62^bอ117ว
100 0  ^aองอาจ นัยพัฒน์
245 10 ^aวิธีวิทยาการวิจัยเชิงปริมาณและเชิงคุณภาพทางพฤติกรรมศาสตร์และสังคมศาสตร์ =^bQuantitative and qualitative research methodologies inbehavioral and social sciences /^cองอาจ นัยพัฒน์
246 31 ^aQuantitative and qualitative research methodologies inbehavioral and social sciences
250    ^aพิมพ์ครั้งที่ 3
260    ^aกรุงเทพฯ :^bสามลดา,^c2551
300    ^a441 หน้า
504    ^aบรรณานุกรม: หน้า 425-433
650  7 ^aสังคมศาสตร์^xวิจัย
650  7 ^aพฤติกรรมศาสตร์^xวิจัย
650  7 ^aวิจัย
945    ^p350^l0^i16124
995    ^aทศพร
999    ^aทศพร เกษรทอง
รายการนี้ยังไม่มีแท็ก
คุณยังไม่ได้ล็อกอิน คุณสามารถมีกิจกรรมร่วมกับเว็บไซต์ได้ แต่ต้องล็อกอินก่อน ::
  ล็อกอิน

รายการสื่อสารสนเทศ

ลำดับที่ ประเภท เลขเรียก/บาร์โค้ด สถานที่ สถานะ
1. วิทยาศาสตร์การแพทย์ และสุขภาพ
วิทยาศาสตร์การแพทย์ และสุขภาพ
H62 อ117ว ฉ.1 
  Barcode: 16124
ห้องสมุดวิทยาเขตสวรรค์ประชารักษ์
►หนังสือทั่วไป
บนชั้น

รายการใกล้เคียง
    ผู้แต่ง [องอาจ นัยพัฒน์]

    หัวเรื่อง [วิจัย]

BibComment


ยังไม่เคยถูกคอมเมนท์

คอมเมนท์ทรัพยากรรายการนี้
  คอมเมนท์: วิธีวิทยาการวิจั..


 Copyright 2026. Bcnsprnw @Library